000
00231nam a2200109Ia 4500
100
_a
#N/A
942
_c
BK
245
_a
18 Network Security Tools ; 4 SECURE LINUX Distributions
260
_b
#N/A
546
_a
ENGLISH
999
_c
18249
_d
18249